00822nam a22002055a 450000500170000000800410001704000380005808200190009610000210011524500750013626000910021130000340030250400510033654100310038765000420041865300220046094200080048299900170049095201090050720180129115925.0180129t1984 ohua frb 001 0 eng d aEG-ScBUEbengcEG-ScBUEdEG-ScBUE04222a158.7bAPP1 aAppell, Allen L.12aA practical approach to human behavior in business /cAllen L. Appell. aColumbus :bCharles E. Merrill Publishing Company :bA Bell & Howell Company,cc.1984. axii, 371 p. :bill. ;c24 cm. aIncludes bibliographical references and index. aDonation from David Kirby. 72BUEsh912215aPsychology, Industrial. bGGENcJanuary2018 2ddc c26034d26006 00102ddc4070aMAINbMAINcLOWd2018-01-29eDonationl0o158.7 APPp000047197r2025-07-15 00:00:00yBB